|
|
|
|
| LEADER |
00000nab a2200000 a 4500 |
| 001 |
vtls010735520 |
| 003 |
SK-MaSNL |
| 005 |
20260304192325.0 |
| 008 |
250709s2010 xo |||||||||||||||||slo| |
| 035 |
|
|
|a (urnnbn)urn:nbn:sk:snk:ar-a05g5r
|
| 035 |
|
|
|a (uuid)776cc16a-7a66-4cf9-b488-d00514d2d38f
|
| 035 |
|
|
|a urn:nbn:sk:snk-ab3x4t
|
| 040 |
|
|
|a SNKBUCL
|b slo
|c SNKBUCL
|e AACR2
|
| 041 |
0 |
|
|a cze
|
| 044 |
|
|
|a xo
|c SK
|
| 100 |
1 |
|
|a Zavázalová, Helena,
|d 1943-2013
|4 aut
|9 822370
|
| 245 |
1 |
0 |
|a Názory studentů medicíny na některé etické problémy
|c H. Zavázalová, K. Zikmundová, V. Zaremba, J. Kotrba
|
| 700 |
1 |
|
|a Zikmundová, Květuše,
|d 1952-
|4 aut
|9 12495
|
| 700 |
1 |
|
|a Zaremba, Vladimír,
|d 1930-
|4 aut
|9 215506
|
| 700 |
1 |
|
|a Kotrba, J.
|4 aut
|9 1030515
|
| 773 |
0 |
|
|t Geriatria : odborný časopis českých a slovenských geriatrov
|g Roč. 16, č. 3 (2010), s. 118-121
|
| 850 |
|
|
|a Slovenská národná knižnica
|
| 852 |
|
|
|a Slovenská národná knižnica
|
| 954 |
|
|
|a odborná, vedecká literatúra cudzojazyčná (svetová)
|2 lita
|
| 958 |
|
|
|a article1
|
| 958 |
|
|
|a OND
|
| 958 |
|
|
|a EUIPO
|
| 999 |
|
|
|c 3060892
|d 3062822
|